000 00618cam a2200229u 4500
999 _c4809
_d4809
001 4809
003 BD-JhCC
005 20171203190116.0
008 830302q19601963ru a 000 0 eng d
035 _a(BD-JhCC)4809
040 _aDLC
_cCarP
_dDLC
_dBD-JhCC
041 _aeng
050 0 0 _aS591
_b.P5143
082 _a631.4
_bPLI 1963
100 1 _aPlyu︡snin, Ivan Ivanovich.
245 1 0 _aReclamative soil science /
_cIvan Ivanovich Plyu︡snin,
260 _aMoscow :
_bForeign Languages Pub House,
_c[1963]
300 _a397 p.
_billus.
_c22 cm.
650 0 _aSoil Science
942 _2ddc
_cBK